Statistics for The Office (U.S.) Trivia #1

Click here to take the quiz!

General Stats

  • This quiz has been taken 1,180 times
  • The average score is 12 of 15

Answer Stats

HintAnswer% Correct
What vegetable does Dwight grow on his farm?Beets
95%
Who is the office's Human Resources representative?Toby
95%
Which Ivy League school did Andy Bernard attend?Cornell
94%
What was the purpose of the committee that Angela fiercely ran throughout most of the series?Party Planning
91%
What was Pam position during Seasons 1-5?Receptionist
90%
Who replaces Jan after she is fired at the end of Season 3?Ryan
88%
Michael takes Jan to a Sandals resort in which country?Jamaica
86%
What is Dwight's middle name?Kurt
85%
Who is the foreman of the warehouse?Darryl
82%
Who becomes the new CEO of Sabre in Season 8?Robert California
76%
Which department does Kelly work in?Customer Service
68%
What is the name of the local bar that the members of the office frequent?Poor Richard's
64%
In what city is Sabre HQ located?Tallahasse
62%
Who is Michael's best friend?Todd Packer
58%
What type of car does Michael proudly drive during Seasons 1-3?Chrysler Sebring
42%

Score Distribution

Percentile by Number Answered

Percent of People with Each Score

Your Score History

You have not taken this quiz